000 03098nam a2200385Ka 4500
001 000008745
003 OCoLC
005 20200929161412.0
008 090907s2006 sp a 001 0 spa d
020 _a8449428238
020 _a9788449428234
035 _a(OCoLC)436000645
040 _aDO-SdBNP
_bspa
_cBNPHU
082 _aR 101
_bA881u
245 0 0 _aAtlas universal de filosofía :
_bmanual didáctico de autores, textos, escuelas y conceptos filosóficos /
_cdirección Carlos Gispert ; edición Anna Biosca ...[et. al] traducción Marco Barberi ... [et..al.].
260 _aBarcelona :
_bOcéano,
_c2006.
270 _aEditora Océano
_aMilanesat, 21-23 edificio Océano
_bBarcelona
_dEspaña
_e08017
_k34-932-802-020
_l34-932-041-073
_mwww.oceano.com
300 _avii, 1035 p. :
_bil, retrs. ;
_c27 cm.
500 _aIncluye índice general, de autores y términos
505 2 _aPresentación -- Sumario -- Conceptos filosóficos básicos -- Grecia -- Presocráticos -- Sócrates -- Platón -- Aristóteles -- Helenismo -- Edad imperial -- Edad media -- Neoplatonismo -- Renacimiento -- Revolución científica -- Racionalismo clásico -- Empírismo -- Siglo de las luces -- Kantismo -- Idealismo -- Posthegelianismo -- Antipositivismo -- La voz del irracionalismo -- Epistemología -- Ciencias naturales -- Ciencias humanas -- Psicoanálisis -- Psicología -- Estética -- Antología de textos -- Milesios: tales, anaximandro, anaxímenes -- Heráclito -- Pitágoras -- Parménides y Zenón -- Demócrito -- Sofistas: protágoras y Gorgias -- Sócrates -- Platón -- Aristóteles -- Cínicos y escépticos: Diógenes y Pirrón -- Epicuro -- Estoicos: Zenón, Séneca, Marco Aurelio -- Plotino -- San Agustín -- Teólogos mediavales: Dioniso y San Anselmo -- Santo Tomás de Aquino -- Erasmo -- Lutero -- Cusa -- Neoplatónicos: Ficino y Pico Della Mirandola -- Bruno -- Magos y naturalistas: Paracelso, Agrippa, Telesio -- Campanella -- Maquiavelo -- Moro -- Galileo -- Bacon -- Descartes -- Hobbe -- Pascal -- Spinoza -- Leibniz -- Locke -- Berkeley -- Hume -- Voltaire -- Rousseau -- Condillac -- Kant -- Fichte -- Schelling -- Hegel -- Feuerbach -- Schopenhauer -- Kierkegaard -- Comte -- Marx -- Nietzsche -- Freud -- Bergson -- El pragmatismo: Peirce y James -- Croce -- Husserl -- Sugerencias de consulta -- Índice de términos -- Índice general.
534 _pTítulos originales en italiano:
_tAtlante ilustrado di filosofia. Antologia di filosofia.
650 4 _aFilosofía antigua
_xDiccionarios
_921323
650 4 _aFilosofía
_xTeorías
_xDiccionarios
_923273
650 4 _aFilosofía
_xHistoria
_xDiccionarios
_923274
650 4 _aFilosofía moderna
_xDiccionarios
_921326
650 4 _aFilosofía de la ciencia
_xDiccionarios
_923275
650 4 _aFilósofos
_xBiografías
_918187
700 1 2 _aBiosca, Anna
_eed.
_921329
700 1 2 _aMurugarren, Plácido
_eed.
_921330
700 1 2 _aTomás, Javier,
_eed.
_921331
700 1 2 _aBarberi, Marco,
_etr.
_921332
910 _aValidado. Control de calidad BNPHU
994 _aC0
_bBNPHU
999 9 9 _a1
_n0000095
_c8515
_d8515
049 _aBNGR
_c1[001880]